00379 a2200121 4500003000500000005001700005040000900022082000800031245007500039260003200114650008700146651002400233Nust20170207163620.0 cNust a799 aVisit of Nigerian Delegation to MCS Photographs 2013 (Soft Copy) cMCS aRawalpindibMCSc30-10-2013 aPictures of Visit of Nigerian Delegation to MCS Photographs 2013, (CD-NO 23,Vol-V) aSweet Memories-MCS